Normal view MARC view

Entry Nombre personal

Number of records used in: 27

001 - NÚMERO DE CONTROL

  • campo de control: 84461

003 - IDENTIFICADOR DE NÚMERO DE CONTROL

  • campo de control: SpMaBN

005 - FECHA Y HORA DE LA ÚLTIMA TRANSACCIÓN

  • campo de control: 20250829034406.0

008 - ELEMENTOS DE DATO DE LONGITUD-FIJA

  • campo de control de longitud fija: 901120nn aijnnaabn a aaa

016 ## - NÚMERO DE CONTROL DE UNA AGENCIA BIBLIOGRÁFICA NACIONAL

  • Número de control del registro: BNE19900126582

024 7# - IDENTIFICADOR DE OTROS ESTÁNDARES

  • Número estándar o código: http://viaf.org/viaf/111562016/
  • Fuente: viaf

024 8# - IDENTIFICADOR DE OTROS ESTÁNDARES

  • Número estándar o código: https://data.cervantesvirtual.com/person/13394

024 7# - IDENTIFICADOR DE OTROS ESTÁNDARES

  • Número estándar o código: https://isni.org/isni/0000000109358082
  • Fuente: isni

024 7# - IDENTIFICADOR DE OTROS ESTÁNDARES

  • Número estándar o código: http://www.wikidata.org/entity/Q450335
  • Fuente: wikidata

040 ## - FUENTE DE CATALOGACIÓN

  • Centro catalogador/agencia de origen: SpMaBN
  • Lengua de catalogación: spa
  • Centro/agencia transcriptor: SpMaBN
  • Normas de descripción: rdc
  • Convención/Normas de encabezamiento de materia/tesauro: embne

046 ## - FECHAS CON CODIFICACIÓN ESPECIAL

  • Fecha de nacimiento: 1956

100 1# - ENCABEZAMIENTO-NOMBRE DE PERSONA

  • Nombre de persona: Muñoz Molina, Antonio,
  • Fechas asociadas al nombre: 1956-

370 ## - LUGAR ASOCIADO

  • Lugar de nacimiento: España, Andalucía, Jaén (Provincia), Úbeda

370 ## - LUGAR ASOCIADO

  • Lugar de nacimiento: Úbeda, Jaén, España
  • Fuente de información: (Wikidata)
  • Número de control del registro de autoridad o número normalizado: XX450585

372 ## - CAMPO DE ACTIVIDAD

  • Campo de actividad: Novela
  • Fuente de información: Wikidata

373 ## - GRUPO ASOCIADO

  • Grupo asociado: Academia de Buenas Letras de Granada
  • Grupo asociado: Real Academia Española
  • Fuente de información: Wikidata

374 ## - OCUPACIÓN

  • Ocupación: Periodistas
  • Ocupación: Novelistas
  • Ocupación: Escritores
  • Fuente de información: Wikidata

375 ## - GÉNERO/SEXO

  • Género: Masculino

377 ## - IDIOMA ASOCIADO

  • Término de lengua/lenguaje: Español

400 1# - TRAZADO DE VÉASE--NOMBRE DE PERSONA

  • Nombre de persona: Mūnyūz Mūlīnā, Anţūniyū,
  • Fechas asociadas al nombre: 1956-

670 ## - FUENTE DE DATOS ENCONTRADOS

  • Cita de la fuente: Diario del Nautilus, 1986
  • Información encontrada: port. (Antonio Muñoz Molina)

670 ## - FUENTE DE DATOS ENCONTRADOS

  • Cita de la fuente: Al-šitā' fī Līšbūna, 2010
  • Información encontrada: port (انطونيو مونوز مولينا = Anţūniyū Mūnyūz Mūlīnā)

670 ## - FUENTE DE DATOS ENCONTRADOS

  • Cita de la fuente: Dic. de escritores célebres, 1995
  • Información encontrada: (Muñoz Molina, Antonio; novelista (Úbeda, Jaén, 1956))